Classic fairy tales

Bibliographic Details
Format: Book
Published: England : Brown Watson , 2005
Subjects:

MARC

LEADER 00000cam a2200000 7i4500
001 0000003853
005 20220105103953.0
008 070720
020 |a 070970576X 
090 0 0 |a FT   |b ENG 
245 1 0 |a Classic fairy tales 
260 |a England :   |b Brown Watson ,   |c 2005 
500 |a Children age 4-6 years old (yellow) 
650 0 |a Fairy tales   |x Fiction 
999 |a 0000972300   |b Book   |c Children Collection   |e Perbadanan Perpustakaan Awam Johor 
999 |a 0000972301   |b Book   |c Children Collection   |e Cawangan Segamat 
999 |a 0000972302   |b Book   |c Children Collection   |e Perbadanan Perpustakaan Awam Johor 
999 |a 0000972303   |b Book   |c Children Collection   |e Cawangan Tmn. Ungku Tun Aminah 
999 |a 0001070414   |b Book   |c Children Collection   |e Cawangan Bukit Gambir 
999 |a 0001078251   |b Book   |c Children Collection   |e Cawangan Mersing